Issue management ako súčasť public relations firmy bakalárska práca

Salvato in:
Dettagli Bibliografici
Autore principale: Bičanovská, Emma
Ente Autore: Obchodná fakulta EU. Katedra marketingu
Altri autori: Piatra, Lukáš, 1996-
Natura: Libro
Lingua:slovacco
Pubblicazione: Bratislava 2025
Tags: Aggiungi Tag
Nessun Tag, puoi essere il primo ad aggiungerne!!

MARC

LEADER 00000nbm a2200000 4500
001 0311191
005 20251031123256.1
041 0 |a slo 
044 |a SK 
245 1 0 |a Issue management ako súčasť public relations firmy  |b bakalárska práca  |c Emma Bičanovská ; školiteľ: Lukáš Piatra 
264 1 |a Bratislava  |c 2025 
300 |a 44 s. 
100 1 |a Bičanovská, Emma 
700 1 |a Piatra, Lukáš, 1996- 
710 2 |a Obchodná fakulta EU. Katedra marketingu